<The> Educational University Concept
Program Ministerstva školstva SR Učiace sa Slovensko. Univerzity ako centrá vzdelania a výskumu.
Enregistré dans:
| Auteur principal: | |
|---|---|
| Format: | Chapitre de livre |
| Langue: | anglais |
| Sujets: | |
| Tags: |
Pas de tags, Soyez le premier à ajouter un tag!
|
MARC
| LEADER | 00000naa$a2200000$$$4500 | ||
|---|---|---|---|
| 001 | 0241131 | ||
| 005 | 20240502073925.8 | ||
| 041 | 0 | |a eng | |
| 044 | |a SK | ||
| 245 | 1 | 0 | |a <The> Educational University Concept |c Ivana Lennerová |
| 520 | |a Program Ministerstva školstva SR Učiace sa Slovensko. Univerzity ako centrá vzdelania a výskumu. | ||
| 610 | 2 | 0 | |a univerzity |
| 610 | 2 | 0 | |a školy vysoké |
| 610 | 2 | 0 | |a Slovensko |
| 610 | 2 | 0 | |a koncepcie |
| 610 | 2 | 0 | |a vývoj vedeckotechnický |
| 610 | 2 | 0 | |a vývoj regionálny |
| 100 | 1 | |a Lennerová, Ivana, 1979- | |